|
|
|
|
| LEADER |
00000nam0a2200000 4500 |
| 001 |
122545 |
| 005 |
20231031130100.0 |
| 035 |
|
|
|a (RuTPU)RU\TPU\book\132677
|
| 090 |
|
|
|a 122545
|
| 100 |
|
|
|a 20071004d2007 km y0rusy50 ca
|
| 101 |
0 |
|
|a rus
|
| 102 |
|
|
|a RU
|
| 105 |
|
|
|a a z 000zy
|
| 200 |
1 |
|
|a Газпром. Охрана окружающей среды. Экологический отчет 2006
|
| 210 |
|
|
|a Москва
|c Газпром
|d 2007
|
| 215 |
|
|
|a 50 с.
|c ил.
|
| 610 |
1 |
|
|a газовая промышленность
|
| 610 |
1 |
|
|a Газпром
|
| 610 |
1 |
|
|a Россия
|
| 610 |
1 |
|
|a окружающая среда
|
| 610 |
1 |
|
|a рациональное природопользование
|
| 610 |
1 |
|
|a экологическая политика
|
| 610 |
1 |
|
|a дочерние компании
|
| 610 |
1 |
|
|a ресурсосбережение
|
| 610 |
1 |
|
|a энергосбережение
|
| 610 |
1 |
|
|a возобновляемые источники энергии
|
| 610 |
1 |
|
|a охрана труда
|
| 610 |
1 |
|
|a безопасность
|
| 610 |
1 |
|
|a международное сотрудничество
|
| 610 |
1 |
|
|a экологическое образование
|
| 610 |
1 |
|
|a экологические отчеты
|
| 675 |
|
|
|a 622.324.012:658
|v 3
|
| 801 |
|
1 |
|a RU
|b 63413507
|c 20071004
|g PSBO
|
| 801 |
|
2 |
|a RU
|b 63413507
|c 20071015
|g PSBO
|
| 942 |
|
|
|c BK
|